000 00314nam a22001337a 4500
008 171227b xxu||||| |||| 00| 0 eng d
020 _a1566825297
041 _aeng
080 _210 ED
_a34
100 _a14
101 _aJUR
245 _aCONSTITUTIONAL LAW CASES AND MATERIALS
_cCOHEN.W
942 _2udc
_cBK
999 _c39437
_d39437